000
00294nam a2200133Ia 4500
100
_a
Shanti narayan
942
_c
BK
654
_a
calculus
245
_a
Differential Calculus
260
_b
Shyam lal charitable trust
_a
NewDelhi
_c
1985
082
_a
515.3
300
_a
328
546
_a
ENGLISH
999
_c
31689
_d
31689